000 00642nam a2200193Ia 4500
005 20250508150600.0
008 008 250505s9999 xx 000 0 eng d
037 _aTextual
040 _aFEDL
_beng
_cFEDL
041 _aeng
_2eng
084 _a370.9, MCC
_qFEDL
100 _aMcCormick Patrick J.
_9757095
245 0 _aHistory of education : A survey of the development of educational theory and practice in ancient, medieval, and modern times
260 _aWashington, USA
_bThe Catholic Education Press
_c1946
300 _axxv,649p.
650 _aEducation
942 _cTEXL
_h370.9, MCC
999 _c1324388
_d1324388